000
00287nam a22001337a 4500
008
181022b xxu||||| |||| 00| 0 eng d
020
_a
9780618116492
041
_a
eng
080
_a
371
100
_a
46
101
_a
EDU
245
_a
Teaching Tips
_c
McKeachie, W.J
942
_2
udc
_c
BK
999
_c
50456
_d
50456